| 000 | 01406nam a22003857a 4500 | ||
|---|---|---|---|
| 001 | 0008524 | ||
| 003 | KOHA_MİRAKIL | ||
| 005 | 20260207001638.0 | ||
| 007 | ta | ||
| 008 | 091009b2006 tu |||gr||||#0|||0|tur | | ||
| 020 |
_a9751603811 _cTL4 |
||
| 040 |
_aTR-BiSEU _btur _cTR-BiSEU _erda |
||
| 041 | 0 | _atur | |
| 044 | _ctu | ||
| 050 |
_aDR531 _b.H35 2006 |
||
| 100 | 1 | _aHalaçoğlu, Yusuf. | |
| 245 | 1 |
_aXVIII. Yüzyılda Osmanlı İmparatorluğu'nun İskan Siyaseti ve Aşiretlerin Yerleştirilmesi/ _cYusuf Halaçoğlu ; Yusuf Halaçoğlu. |
|
| 264 | 1 |
_aAnkara : _bTürk Tarih Kurumu _c2006 |
|
| 300 | _aXX, 179 sayfa: harita; 23 cm. | ||
| 336 |
_ametin _btxt _2rdacontent |
||
| 337 |
_aaracısız _bn _2rdamedia |
||
| 338 |
_acilt _bnc _2rdacarrier |
||
| 490 | 1 |
_aAtatürk Kültür,Dil ve Tarih Yüksek Kurumu Türk Tarih Kurumu Yayınları ; _vVII. |
|
| 490 | 1 | _adizi- sayı 92-3. | |
| 500 | _aKaynakça ve dizin var. | ||
| 650 | 0 |
_aLand settlement--Turkey-- History. _921280 |
|
| 650 | 0 |
_aForced migration--Turkey--History. _921281 |
|
| 650 | 0 |
_aTurkey--History--1683-1829. _914945 |
|
| 650 | 0 |
_aZorunlu göç-- Türkiye--Tarih. _921282 |
|
| 650 | 0 |
_aZorurnlu iskan-- Türkiye-- Tarih. _921283 |
|
| 830 | 1 |
_aAtatürk Kültür,Dil ve Tarih Yüksek Kurumu Türk Tarih Kurumu Yayınları ; _vVII. _914135 |
|
| 830 | 1 |
_adizi- sayı 92-3. _921284 |
|
| 907 | _aTarih | ||
| 942 |
_2lcc _cBK |
||
| 999 |
_c8496 _d8496 |
||